[Event "SVK-ch U10"]
[Site "Tatralandia"]
[Date "2025.05.18"]
[Round "9"]
[White "Glod, Peter"]
[Black "Karol, Timur"]
[Result "1-0"]
[WhiteElo "1461"]
[BlackElo "1609"]
[PlyCount "67"]
[EventDate "2025.05.11"]
[EventType "swiss"]
[EventRounds "9"]
[EventCountry "SVK"]
[SourceTitle "CB21_2025"]
[SourceDate "2025.05.21"]
[SourceVersion "1"]
[SourceVersionDate "2025.05.21"]
[SourceQuality "1"]

1. e4 c6 2. c4 d5 3. exd5 cxd5 4. cxd5 Qxd5 5. Nc3 Qa5 6. d4 Nf6 7. Bd2 Qd8 8. Rc1 Nc6 9. Nge2 Nxd4 10. Nxd4 Qxd4 11. Nb5 Qe5+ 12. Be3 Nd5 13. Qxd5 Qxd5 14. Nc7+ Kd8 15. Nxd5 e6 16. Bg5+ f6 17. Nxf6 Be7 18. Ne4 Bxg5 19. Nxg5 Ke7 20. Ne4 Bd7 21. Rc7 b6 22. Bb5 Rhd8 23. Bxd7 Rxd7 24. Rxd7+ Kxd7 25. 0-0 Rc8 26. Rd1+ Ke7 27. Nc3 a6 28. Rc1 Rd8 29. Rd1 Rc8 30. h3 b5 31. Rd4 Rc5 32. Kf1 a5 33. a3 a4 34. Rb4 1-0

[Event "SVK-ch U10"]
[Site "Tatralandia"]
[Date "2025.05.16"]
[Round "7"]
[White "Glod, Peter"]
[Black "Slamka, Matias"]
[Result "1-0"]
[WhiteElo "1461"]
[BlackElo "1367"]
[PlyCount "85"]
[EventDate "2025.05.11"]
[EventType "swiss"]
[EventRounds "9"]
[EventCountry "SVK"]
[SourceTitle "CB21_2025"]
[SourceDate "2025.05.21"]
[SourceVersion "1"]
[SourceVersionDate "2025.05.21"]
[SourceQuality "1"]

1. e4 e5 2. Nf3 Nc6 3. d4 exd4 4. Bc4 Nf6 5. 0-0 Bc5 6. e5 d5 7. Bb5 Nd7 8. Bg5 Ne7 9. Bxd7+ Bxd7 10. Nxd4 Bxd4 11. Qxd4 h6 12. Bxe7 Qxe7 13. Qxd5 0-0 14. Nc3 Rab8 15. Rfe1 Rfd8 16. Qa5 Bc6 17. Qxa7 Qg5 18. f3 Bxf3 19. g3 Ra8 20. Qe3 Qxe3+ 21. Rxe3 Bc6 22. Rd3 Rxd3 23. cxd3 Re8 24. d4 f6 25. d5 Bd7 26. e6 Bc8 27. Rd1 Re7 28. Nb5 Bxe6 29. dxe6 Kf8 30. Kf2 Ke8 31. Kf3 g6 32. Kf4 Kf8 33. h4 h5 34. g4 g5+ 35. hxg5 fxg5+ 36. Kxg5 hxg4 37. Kxg4 Rg7+ 38. Kf5 Re7 39. Kf6 Ke8 40. Rh1 Kd8 41. Rh8+ Re8 42. Rxe8+ Kxe8 43. Nxc7+ 1-0

[Event "SVK-ch U10"]
[Site "Tatralandia"]
[Date "2025.05.12"]
[Round "2"]
[White "Gabris, Timotej"]
[Black "Glod, Peter"]
[Result "0-1"]
[WhiteElo "1115"]
[BlackElo "1461"]
[PlyCount "128"]
[EventDate "2025.05.11"]
[EventType "swiss"]
[EventRounds "9"]
[EventCountry "SVK"]
[SourceTitle "CB21_2025"]
[SourceDate "2025.05.21"]
[SourceVersion "1"]
[SourceVersionDate "2025.05.21"]
[SourceQuality "1"]

1. e4 c5 2. Nf3 Nc6 3. d4 cxd4 4. Nxd4 g6 5. Nxc6 bxc6 6. Nc3 Bg7 7. Bc4 Nf6 8. 0-0 0-0 9. e5 Ne8 10. Re1 Nc7 11. Bf4 Na6 12. Qd2 Nb4 13. Rac1 Ba6 14. Bxa6 Nxa6 15. a3 Nc5 16. Bh6 Rb8 17. Bxg7 Kxg7 18. Rb1 Nb7 19. Rbd1 d5 20. e6 f6 21. Qe3 Qa5 22. Rd4 Qb6 23. Rb4 Qxe3 24. Rxe3 Na5 25. Rxb8 Rxb8 26. Na4 Nc4 27. Rb3 Rxb3 28. cxb3 Na5 29. b4 Nc4 30. b3 Nd2 31. Nc5 f5 32. f3 Nb1 33. a4 Na3 34. Kf2 f4 35. Ke2 Nc2 36. b5 cxb5 37. axb5 Nd4+ 38. Kd3 Nxb5 39. b4 Kf6 40. g3 fxg3 41. hxg3 g5 42. f4 gxf4 43. gxf4 Kf5 44. Ke3 h5 45. Nd3 Kxe6 46. Kf3 Kf5 47. Kg3 Nd4 48. Kh4 Ne6 49. Nc5 Nxf4 50. b5 Ne6 51. Nd7 Nc7 52. b6 axb6 53. Nxb6 Kg6 54. Nd7 d4 55. Nc5 e5 56. Ne4 Nb5 57. Kg3 Kf5 58. Kf3 h4 59. Nd2 Nc3 60. Kg2 Kg4 61. Kh2 e4 62. Nxe4 Nxe4 63. Kg2 d3 64. Kf1 h3 0-1

[Event "Wch U08"]
[Site "Montesilvano"]
[Date "2024.11.24"]
[Round "9"]
[White "Zhanabayev, Arystan"]
[Black "Glod, Peter"]
[Result "1-0"]
[WhiteElo "1524"]
[BlackElo "1409"]
[PlyCount "57"]
[EventDate "2024.11.15"]
[EventType "swiss"]
[EventRounds "11"]
[EventCountry "ITA"]
[SourceTitle "CB48_2024"]
[SourceDate "2024.11.28"]
[SourceVersion "1"]
[SourceVersionDate "2024.11.28"]
[SourceQuality "1"]

1. e4 e5 2. Nf3 Nc6 3. Nc3 Nf6 4. Bb5 Bc5 5. Nxe5 Nxe5 6. d4 Bb4 7. dxe5 Nxe4 8. Qg4 Nxc3 9. Qxb4 Nxb5 10. Qxb5 0-0 11. 0-0 Re8 12. Bf4 Re6 13. Qd3 Qh4 14. Bg3 Qb4 15. b3 Qc5 16. Rad1 Qa5 17. f4 Qc5+ 18. Kh1 d6 19. f5 Rh6 20. exd6 cxd6 21. Bxd6 Qc6 22. Bf4 f6 23. Qd8+ Kf7 24. Bxh6 gxh6 25. Rfe1 Bxf5 26. Qxa8 Bh3 27. Qe8+ Qxe8 28. Rxe8 Kxe8 29. gxh3 1-0

[Event "Wch U08"]
[Site "Montesilvano"]
[Date "2024.11.17"]
[Round "3"]
[White "Dzelnik, Robert"]
[Black "Glod, Peter"]
[Result "1-0"]
[WhiteElo "1822"]
[BlackElo "1409"]
[PlyCount "137"]
[EventDate "2024.11.15"]
[EventType "swiss"]
[EventRounds "11"]
[EventCountry "ITA"]
[SourceTitle "CB48_2024"]
[SourceDate "2024.11.28"]
[SourceVersion "1"]
[SourceVersionDate "2024.11.28"]
[SourceQuality "1"]

1. e4 e5 2. Nf3 Nc6 3. Bb5 a6 4. Ba4 f5 5. d3 fxe4 6. dxe4 Bc5 7. 0-0 Nf6 8. Nc3 0-0 9. Bb3+ Kh8 10. Bg5 d6 11. Nd5 Bg4 12. Nxf6 Rxf6 13. Bxf6 Qxf6 14. h3 Bh5 15. g4 Bg6 16. Qe2 Qf4 17. Bd5 Qg3+ 18. Kh1 Qxh3+ 19. Nh2 Nd4 20. Qd3 Qxd3 21. cxd3 c6 22. Bb3 Nxb3 23. axb3 Bf7 24. f4 Bxb3 25. fxe5 dxe5 26. Nf3 Bd6 27. Ng5 Bc5 28. Nf7+ Kg8 29. Nxe5 Bd4 30. Nf3 Bb6 31. Ra3 Bf7 32. Ng5 Rf8 33. Nxf7 Rxf7 34. Rxf7 Kxf7 35. Rb3 Bd4 36. Rxb7+ Kg6 37. Kg2 Kg5 38. Re7 Kxg4 39. e5 Bxb2 40. e6 Kf5 41. Rb7 Kxe6 42. Rxb2 Kd5 43. Rb6 a5 44. Ra6 Kd4 45. Rxc6 Kxd3 46. Ra6 Ke4 47. Ra7 a4 48. Rxg7 h5 49. Ra7 Kf5 50. Rxa4 Kg5 51. Kh3 Kg6 52. Kh4 Kf5 53. Kxh5 Ke5 54. Kg5 Kd5 55. Kf5 Kc5 56. Ke5 Kb5 57. Rh4 Kc5 58. Rd4 Kc6 59. Rd5 Kb6 60. Kd6 Kb7 61. Rc5 Kb6 62. Kd5 Kb7 63. Rc6 Ka7 64. Kd6 Kb7 65. Kd7 Kb8 66. Rc7 Ka8 67. Kc6 Kb8 68. Kb6 Ka8 69. Rc8# 1-0

[Event "Wch U08"]
[Site "Montesilvano"]
[Date "2024.11.15"]
[Round "1"]
[White "Bisetto, Alessandro Federico"]
[Black "Glod, Peter"]
[Result "1-0"]
[WhiteElo "1671"]
[BlackElo "1409"]
[PlyCount "125"]
[EventDate "2024.11.15"]
[EventType "swiss"]
[EventRounds "11"]
[EventCountry "ITA"]
[SourceTitle "CB48_2024"]
[SourceDate "2024.11.28"]
[SourceVersion "1"]
[SourceVersionDate "2024.11.28"]
[SourceQuality "1"]

1. e4 e5 2. Nf3 Nc6 3. Bc4 Nf6 4. d3 d5 5. exd5 Nxd5 6. h3 Bc5 7. 0-0 0-0 8. Re1 Be6 9. Bd2 Re8 10. Nc3 Nxc3 11. Bxc3 Bxc4 12. dxc4 f6 13. a3 a5 14. Nd2 Qb8 15. Ne4 Ba7 16. Qg4 Kh8 17. h4 Qc8 18. Qxc8 Raxc8 19. b4 axb4 20. axb4 Bd4 21. b5 Bxc3 22. Nxc3 Nd4 23. Ra7 b6 24. Nd5 Nxc2 25. Rd1 Nd4 26. Rxc7 Rxc7 27. Nxc7 Rc8 28. Nd5 Rxc4 29. Nxb6 Rb4 30. Ra1 h6 31. h5 Rxb5 32. Ra8+ Kh7 33. Nd7 Ne6 34. Re8 Rb7 35. Nxf6+ gxf6 36. Rxe6 Kg7 37. Kh2 Kf7 38. Ra6 Rb4 39. Kg3 Rf4 40. f3 Kg7 41. Ra7+ Kg8 42. Kf2 Rh4 43. g4 Rh2+ 44. Kg3 Rb2 45. Ra3 Kf7 46. f4 exf4+ 47. Kxf4 Rf2+ 48. Rf3 Rxf3+ 49. Kxf3 Ke6 50. Ke4 f5+ 51. gxf5+ Kf6 52. Kf4 Kf7 53. Ke5 Ke7 54. f6+ Kf7 55. Kf5 Kf8 56. Kg6 Kg8 57. Kxh6 Kh8 58. Kg6 Kg8 59. f7+ Kf8 60. h6 Ke7 61. h7 Kf8 62. h8Q+ Ke7 63. f8Q+ 1-0

[Event "SVK-ch U08"]
[Site "Tatralandia"]
[Date "2024.04.12"]
[Round "9"]
[White "Slamka, Matias"]
[Black "Glod, Peter"]
[Result "0-1"]
[WhiteElo "1387"]
[BlackElo "1371"]
[PlyCount "136"]
[EventDate "2024.04.05"]
[EventType "swiss"]
[EventRounds "9"]
[EventCountry "SVK"]
[SourceTitle "CBM 219 Extra"]
[Source "ChessBase"]
[SourceDate "2024.05.31"]
[SourceVersion "1"]
[SourceVersionDate "2024.05.31"]
[SourceQuality "1"]

1. e4 e5 2. Nf3 Nc6 3. Bc4 Nf6 4. d3 d5 5. exd5 Nxd5 6. 0-0 Bc5 7. Re1 0-0 8. Nxe5 Qh4 9. Nxc6 Bxf2+ 10. Kf1 Bxe1 11. Qxe1 Qf6+ 12. Qf2 Qxc6 13. Qf3 Nf6 14. Qxc6 bxc6 15. Bf4 Ng4 16. h3 Nf6 17. Nc3 Be6 18. Ke2 Rfe8 19. Bxe6 Rxe6+ 20. Kd2 Re7 21. Bg5 h6 22. Bh4 g5 23. Bg3 Rd7 24. Re1 Nh5 25. Bf2 Nf4 26. Bg3 Kh7 27. Bxf4 gxf4 28. Rf1 Rb8 29. b3 Rb4 30. Ne4 Rxe4 31. Kc3 Re2 32. Rg1 Re3 33. Kb2 Rg3 34. Rf1 Rd4 35. Kc3 Rd7 36. Rxf4 Rxg2 37. h4 Rh2 38. Kb2 Kg8 39. Kc3 Rd5 40. Rc4 c5 41. Ra4 c6 42. Kb2 Rxd3 43. Rxa7 Rdd2 44. Kc3 Rxc2+ 45. Kd3 Rxa2 46. Rc7 Rh3+ 47. Ke4 Rxb3 48. Kf5 Rf2+ 49. Ke5 Rd3 50. h5 Re2+ 51. Kf4 Rh3 52. Kg4 Reh2 53. Rxc6 Rxh5 54. Kg3 f5 55. Rc8+ Kf7 56. Rc7+ Ke6 57. Rc6+ Kd7 58. Ra6 c4 59. Kf4 c3 60. Ra4 R5h4+ 61. Kg3 Rxa4 62. Kxh2 Re4 63. Kg2 c2 64. Kf2 c1Q 65. Kf3 Qf1+ 66. Kg3 Rg4+ 67. Kh2 Qf2+ 68. Kh1 Qh4# 0-1

[Event "SVK-ch U08"]
[Site "Tatralandia"]
[Date "2024.04.11"]
[Round "8"]
[White "Glod, Peter"]
[Black "Spisiak, Martin"]
[Result "0-1"]
[WhiteElo "1371"]
[BlackElo "1136"]
[PlyCount "76"]
[EventDate "2024.04.05"]
[EventType "swiss"]
[EventRounds "9"]
[EventCountry "SVK"]
[SourceTitle "CBM 219 Extra"]
[Source "ChessBase"]
[SourceDate "2024.05.31"]
[SourceVersion "1"]
[SourceVersionDate "2024.05.31"]
[SourceQuality "1"]

1. e4 g6 2. d4 Bg7 3. Nc3 d6 4. Be3 Nf6 5. f3 0-0 6. Qd2 c5 7. d5 e6 8. 0-0-0 exd5 9. exd5 Bf5 10. h4 Qb6 11. h5 gxh5 12. Bh6 Ne8 13. Qg5 Bg6 14. Bd3 Bxc3 15. bxc3 f6 16. Qe3 Ng7 17. Qe7 Rf7 18. Qe3 Qa5 19. Bxg6 hxg6 20. Qe4 Qxc3 21. Qxg6 Qa1+ 22. Kd2 Qxa2 23. Kc1 Qa1+ 24. Kd2 Qd4+ 25. Kc1 Qa1+ 26. Kd2 Qd4+ 27. Kc1 Qa1+ 28. Kd2 Qa5+ 29. Kc1 Nd7 30. Bxg7 Rxg7 31. Qxh5 Qa1+ 32. Kd2 Rxg2+ 33. Ne2 Qd4+ 34. Kc1 Qe3+ 35. Kb1 Nf8 36. Rdg1 Qxe2 37. Qh3 Qxc2+ 38. Ka1 Qa2# 0-1